000 00573nam a2200169Ia 4500
008 090201s9999 xx 000 0 und d
010 _aKPL-44628
040 _bमराठी
041 _aमराठी
082 _a31852
_b44628
100 _aध रा गाला
245 _aस्थुलतेतुन स्फुर्तीकडे
_cध रा गाला
260 _c2004
_bगाला पब्लिशर्स
300 _a75
_bमोठा
600 _aस्थुलतेतुन स्फुर्तीकडे
942 _cBOOK
999 _c230251
_d230251